Tradition and dynamics in small farm agriculture. (Record no. 29022)

MARC details
000 -LEADER
fixed length control field 00346nam a2200121Ia 4500
082 ## - DEWEY DECIMAL CLASSIFICATION NUMBER
Classification number 338.431
Item number STE
245 #0 - TITLE STATEMENT
Title Tradition and dynamics in small farm agriculture.
260 ## - PUBLICATION, DISTRIBUTION, ETC. (IMPRINT)
Place of publication Iowa
Name of publisher Iowa state university
Year of publication 1977
650 ## - SUBJECT ADDED ENTRY--TOPICAL TERM
Topical Term Small farms agriculture
700 ## - ADDED ENTRY--PERSONAL NAME
Personal name STEVENS, Robert D
942 ## - ADDED ENTRY ELEMENTS (KOHA)
Koha item type Books
Holdings
Withdrawn status Lost status Damaged status Not for loan Home library Current library Date acquired Full call number Accession Number Koha item type
        RRII Library RRII Library 16/12/2021 338.431 STE 09612 Books